000 00352nam a2200145Ia 4500
008 230917s9999||||xx |||||||||||||| ||und||
040 _e36705
_aMAIN
041 _aEnglish
082 _a658.08 R392R
100 _aRichards, Max D
245 0 _aReadings in management
260 _aChicago
_bSouth-Western
_c1958
300 _ax, 882 p.
942 _cBK
999 _c186237
_d186237